Vista normal
Vista MARC
Entrada Topical Term
Número de registros utilizados en: 1
001 - CONTROL NUMBER
- control field: 13289
003 - CONTROL NUMBER IDENTIFIER
- control field: Cidap
005 - DATE AND TIME OF LATEST TRANSACTION
- control field: 20260311140035.0
008 - FIXED-LENGTH DATA ELEMENTS
- fixed length control field: 260311|| aca||aabn | a|a d
040 ## - CATALOGING SOURCE
- Original cataloging agency: Cidap
- Transcribing agency: Cidap
150 ## - HEADING--TOPICAL TERM
- Topical term or geographic name entry element: PERSONAJES DE LA MAMA NEGRA
670 ## - SOURCE DATA FOUND
- Source citation: Work cat.: (Cidap)7967: El Huaco y las mujeres, 2020





